Normal view
MARC view
- Jay, Kenneth Edmund Brian
Entry Personal Name
001 - CONTROL NUMBER
- control field: 41812
003 - CONTROL NUMBER IDENTIFIER
- control field: NUST
005 - DATE AND TIME OF LATEST TRANSACTION
- control field: 20210314132139.0
008 - FIXED-LENGTH DATA ELEMENTS
- fixed length control field: 210314|| aca||aabn | a|a d
040 ## - CATALOGING SOURCE
- Original cataloging agency: NUST
- Transcribing agency: NUST
100 ## - HEADING--PERSONAL NAME
- Personal name: Jay, Kenneth Edmund Brian
670 ## - SOURCE DATA FOUND
- Source citation: Work cat.: (NUST): Great Britain. 39715, Britain's atomic factories;, 1954.
